| 000 | 01053nam a22002897a 4500 | ||
|---|---|---|---|
| 001 | 5310 | ||
| 003 | FISKH | ||
| 005 | 20241125153141.0 | ||
| 008 | 241125b cb ||||| |||| 00| 0 eng d | ||
| 020 | _a9780746060513 | ||
| 040 |
_aFISKH _beng _cFISKH _dFISKH |
||
| 082 | _a823.914 | ||
| 100 | _aAmery, Heather | ||
| 245 |
_aThe hungry donkey / _cHeather Amery Illusrtrated by Stephen Cartwright Language consultant : Betty Root Series editor : Jenny Tyler |
||
| 250 | _aThis edition first published in 2004 | ||
| 260 |
_aLondon : _bUrborne, _c2004. |
||
| 300 |
_a15 pages : _bColor illustrations ; _c21 cm |
||
| 505 | _aG | ||
| 520 | _aThis is one of a series of pocket-sized editions of Farmyard Tales, all about Poppy, Sam and all the animals who live on Apple Tree Farm. There is also a little yellow duck to spot on every page. | ||
| 521 | 8 |
_a420L
_bLexile |
|
| 521 | 8 |
_aG
_bRaz-Plus |
|
| 650 |
_2Animals _aDonkeys |
||
| 650 |
_2Farm _aFiction |
||
| 700 |
_aCartwright, Stephen _dIllustrator |
||
| 942 |
_2ddc _cBK _n0 |
||
| 999 |
_c5310 _d5310 |
||